[Event "Manavgat Turkey Cup"]
[Site "Manavgat"]
[Date "2016.02.05"]
[Round "10"]
[White "Dedebas, Emre Emin"]
[Black "Demircioglu, Emre"]
[Result "1/2-1/2"]
[WhiteElo "2077"]
[BlackElo "2207"]
[PlyCount "98"]
[EventDate "2016.01.30"]
[EventType "swiss"]
[EventRounds "11"]
[EventCountry "TUR"]
[SourceTitle "CBM 170 Extra"]
[Source "ChessBase"]
[SourceDate "2016.02.25"]
[SourceVersion "1"]
[SourceVersionDate "2016.02.25"]
[SourceQuality "1"]

1. d4 Nf6 2. c4 e6 3. Nf3 d5 4. Nc3 Be7 5. Bf4 0-0 6. e3 b6 7. Bd3 Bb7 8. 0-0 c5 9. Qe2 Nbd7 10. cxd5 Nxd5 11. Bg3 cxd4 12. Nxd5 Bxd5 13. Nxd4 Nc5 14. Bc4 Bxc4 15. Qxc4 Qd7 16. Rfd1 Rfd8 17. Qc2 Rac8 18. Nf5 Qb7 19. Rxd8+ Rxd8 20. Nxe7+ Qxe7 21. Rd1 f6 22. b4 Rxd1+ 23. Qxd1 Qd7 24. Qc1 Nd3 25. Qd2 Qd5 26. h3 Qc4 27. Kh2 e5 28. Qe2 h6 29. a3 a5 30. bxa5 bxa5 31. Qh5 a4 32. Qe8+ Kh7 33. Qd7 Nc1 34. h4 Ne2 35. h5 Nc3 36. Qf5+ Kh8 37. Kh3 Qc6 38. Bh4 Ne4 39. f3 Nc5 40. Kh2 Nd7 41. Qg6 Nb6 42. Qf7 Nd5 43. e4 Nf4 44. Bg3 Ne6 45. Bh4 Nf4 46. Bg3 Nd3 47. Bh4 Kh7 48. Bg3 Nc5 49. Qc4 Qd6 1/2-1/2

[Event "Manavgat Turkey Cup"]
[Site "Manavgat"]
[Date "2016.02.04"]
[Round "8"]
[White "Demircioglu, Emre"]
[Black "Tirak, Mert"]
[Result "1-0"]
[WhiteElo "2207"]
[BlackElo "1915"]
[PlyCount "97"]
[EventDate "2016.01.30"]
[EventType "swiss"]
[EventRounds "11"]
[EventCountry "TUR"]
[SourceTitle "CBM 170 Extra"]
[Source "ChessBase"]
[SourceDate "2016.02.25"]
[SourceVersion "1"]
[SourceVersionDate "2016.02.25"]
[SourceQuality "1"]

1. Nf3 Nf6 2. c4 g6 3. b3 Bg7 4. Bb2 0-0 5. g3 d6 6. Bg2 c6 7. d3 Nbd7 8. 0-0 Qc7 9. Nc3 b6 10. d4 Bb7 11. Rc1 Rfe8 12. d5 c5 13. Qd2 a6 14. a4 a5 15. Nb5 Qd8 16. Ne1 Nh5 17. Bxg7 Nxg7 18. Nd3 Nf8 19. Nf4 f6 20. h4 Bc8 21. Bf3 Bd7 22. Nc3 Nf5 23. e3 Rb8 24. Kg2 Qc8 25. Rh1 Nh6 26. Be2 Nf7 27. Nb5 Bxb5 28. axb5 Ne5 29. h5 g5 30. Nd3 Nxd3 31. Qxd3 e5 32. dxe6 Qxe6 33. Rcd1 Rbd8 34. Bf3 Qe5 35. Rd2 f5 36. Qc2 f4 37. Rd5 Qe7 38. exf4 gxf4 39. Rh4 Ne6 40. Rg4+ Kh8 41. Qb2+ Nd4 42. Rxf4 Rf8 43. Rdxd4 cxd4 44. Qxd4+ Qe5 45. Rxf8+ Rxf8 46. Qxb6 Qc3 47. Bd5 Qd2 48. Qa7 h6 49. Be4 1-0

[Event "Manavgat Turkey Cup"]
[Site "Manavgat"]
[Date "2016.01.31"]
[Round "2"]
[White "Bayav, Secahattin"]
[Black "Demircioglu, Emre"]
[Result "0-1"]
[WhiteElo "1925"]
[BlackElo "2207"]
[PlyCount "94"]
[EventDate "2016.01.30"]
[EventType "swiss"]
[EventRounds "11"]
[EventCountry "TUR"]
[SourceTitle "CBM 170 Extra"]
[Source "ChessBase"]
[SourceDate "2016.02.25"]
[SourceVersion "1"]
[SourceVersionDate "2016.02.25"]
[SourceQuality "1"]

1. e4 c5 2. Nf3 Nc6 3. d4 cxd4 4. Nxd4 Nf6 5. Nc3 d6 6. Be2 e5 7. Nb3 Be7 8. Be3 0-0 9. 0-0 a5 10. a3 Be6 11. Bf3 a4 12. Nd2 Nd4 13. Bxd4 exd4 14. Nd5 Nxd5 15. exd5 Bd7 16. c3 dxc3 17. bxc3 Bf6 18. Ne4 Be5 19. Qd2 Re8 20. Rab1 b5 21. Rb4 f5 22. Ng3 Rc8 23. Rc1 Rc5 24. Ne2 Qf6 25. Nd4 h6 26. g3 Kh7 27. Qd3 Rec8 28. Nxb5 Bxb5 29. Rxb5 Rxc3 30. Rxc3 Rxc3 31. Qe2 Rxa3 32. Bh5 Rb3 33. Ra5 Rb2 34. Qd3 Bd4 35. Rxa4 Bxf2+ 36. Kf1 Qg5 37. Be2 Rd2 38. Qf3 Bd4 39. Bd3 Bc5 40. Qxf5+ Qxf5+ 41. Bxf5+ g6 42. Be6 Rf2+ 43. Ke1 Rxh2 44. Rh4 Bf2+ 45. Kf1 Rxh4 46. gxh4 Bxh4 47. Kg2 h5 0-1

[Event "Manavgat Turkey Cup"]
[Site "Manavgat"]
[Date "2016.01.30"]
[Round "1"]
[White "Demircioglu, Emre"]
[Black "Dogan, Ugur"]
[Result "1-0"]
[WhiteElo "2207"]
[BlackElo "1761"]
[PlyCount "51"]
[EventDate "2016.01.30"]
[EventType "swiss"]
[EventRounds "11"]
[EventCountry "TUR"]
[SourceTitle "CBM 170 Extra"]
[Source "ChessBase"]
[SourceDate "2016.02.25"]
[SourceVersion "1"]
[SourceVersionDate "2016.02.25"]
[SourceQuality "1"]

1. d4 Nf6 2. Nf3 e6 3. g3 b6 4. Bg2 Bb7 5. 0-0 c5 6. c4 cxd4 7. Qxd4 Be7 8. Nc3 0-0 9. Rd1 a6 10. Bf4 d5 11. Ne5 Bb4 12. cxd5 Bxc3 13. bxc3 exd5 14. c4 Nbd7 15. cxd5 Nc5 16. Rab1 Nh5 17. Be3 Rc8 18. Qb4 Re8 19. Nc6 Bxc6 20. dxc6 Qe7 21. Qxb6 Ne4 22. Qb4 Nhf6 23. Qxe7 Rxe7 24. Bh3 Rce8 25. Rbc1 h6 26. c7 1-0

[Event "TUR-chT2"]
[Site "Konya"]
[Date "2015.07.29"]
[Round "7.3"]
[White "Demircioglu, Emre"]
[Black "Metin, Oguz"]
[Result "1-0"]
[WhiteElo "2218"]
[BlackElo "2182"]
[PlyCount "99"]
[EventDate "2015.07.25"]
[EventType "team-swiss"]
[EventRounds "9"]
[EventCountry "TUR"]
[SourceTitle "CBM 167 Extra"]
[Source "ChessBase"]
[SourceDate "2015.09.14"]
[SourceVersion "1"]
[SourceVersionDate "2015.09.14"]
[SourceQuality "1"]
[WhiteTeam "Istanbul Bogazici Univ"]
[BlackTeam "Burdur Callica"]
[WhiteTeamCountry "TUR"]
[BlackTeamCountry "TUR"]

1. Nf3 Nf6 2. c4 b6 3. g3 Bb7 4. Bg2 c5 5. 0-0 g6 6. d4 cxd4 7. Qxd4 Bg7 8. Nc3 0-0 9. Qh4 Qc8 10. Bg5 Qc5 11. Rac1 Bxf3 12. Bxf3 Nc6 13. Nd5 Rae8 14. Bxf6 exf6 15. Nxf6+ Bxf6 16. Qxf6 Qd4 17. Qxd4 Nxd4 18. Rfe1 Nxf3+ 19. exf3 Rxe1+ 20. Rxe1 Rc8 21. b3 Rc5 22. Rd1 d5 23. cxd5 Kf8 24. d6 Ke8 25. Re1+ Kd7 26. Re7+ Kxd6 27. Rxf7 Ra5 28. a4 Kc5 29. Rf4 Kd5 30. Kg2 b5 31. axb5 Rxb5 32. Rf7 a5 33. Rxh7 Rxb3 34. Ra7 Ra3 35. Ra6 a4 36. Rxg6 Ra1 37. Ra6 a3 38. h4 Kc4 39. h5 Kb3 40. h6 Rc1 41. h7 Rc8 42. g4 Rh8 43. g5 Rxh7 44. f4 a2 45. Kg3 Rh1 46. f5 a1Q 47. Rxa1 Rxa1 48. f6 Rg1+ 49. Kf4 Rg2 50. f3 1-0

[Event "TUR-chT2"]
[Site "Konya"]
[Date "2015.07.26"]
[Round "2.4"]
[White "Bilyap, Enis"]
[Black "Demircioglu, Emre"]
[Result "0-1"]
[WhiteElo "2017"]
[BlackElo "2218"]
[PlyCount "132"]
[EventDate "2015.07.25"]
[EventType "team-swiss"]
[EventRounds "9"]
[EventCountry "TUR"]
[SourceTitle "CBM 167 Extra"]
[Source "ChessBase"]
[SourceDate "2015.09.14"]
[SourceVersion "1"]
[SourceVersionDate "2015.09.14"]
[SourceQuality "1"]
[WhiteTeam "Izmir Karsiyaka"]
[BlackTeam "Istanbul Bogazici Univ"]
[WhiteTeamCountry "TUR"]
[BlackTeamCountry "TUR"]

1. d4 Nf6 2. Nf3 e6 3. Bg5 d5 4. e3 Be7 5. c4 h6 6. Bxf6 Bxf6 7. Qc2 c6 8. Nc3 Nd7 9. cxd5 exd5 10. Bd3 0-0 11. 0-0-0 Nb6 12. Kb1 Be6 13. h4 Qe7 14. Rdg1 h5 15. Ng5 Rfe8 16. Be2 Bxg5 17. hxg5 g6 18. g4 Bxg4 19. Bxg4 hxg4 20. f3 Qxe3 21. Rxg4 Kf8 22. Qh2 Rad8 23. Qh8+ Ke7 24. Qf6+ Kd7 25. Qxf7+ Re7 26. Qxg6 Qxf3 27. Rhg1 Rf8 28. Qc2 Nc4 29. R4g3 Qf5 30. g6 Qxc2+ 31. Kxc2 Rg7 32. R1g2 Nd6 33. Rh3 Nf5 34. Kd3 Ne7 35. Rh7 Rfg8 36. Ne2 Rxg6 37. Rxg6 Rxg6 38. Nf4 Rf6 39. Ne2 Ke8 40. Rh8+ Rf8 41. Rh7 Rf7 42. Rh8+ Kd7 43. Rh6 Nf5 44. Rh8 Nd6 45. Rh6 Kc7 46. Rh8 Nc4 47. b3 Rf3+ 48. Kc2 Ne3+ 49. Kd2 Nf5 50. Rf8 Nh4 51. Rxf3 Nxf3+ 52. Kc3 Kd7 53. Nf4 Ng5 54. Nd3 Ne6 55. a4 a5 56. b4 axb4+ 57. Nxb4 Kd6 58. Nc2 c5 59. dxc5+ Kxc5 60. Kd3 d4 61. Ke4 Ng5+ 62. Kd3 Nf3 63. a5 Ne5+ 64. Ke4 Nc6 65. a6 bxa6 66. Kd3 Nb4+ 0-1

[Event "TUR-chT2"]
[Site "Konya"]
[Date "2015.07.25"]
[Round "1.5"]
[White "Demircioglu, Emre"]
[Black "Donmez, Yusuf"]
[Result "0-1"]
[WhiteElo "2218"]
[BlackElo "2066"]
[PlyCount "96"]
[EventDate "2015.07.25"]
[EventType "team-swiss"]
[EventRounds "9"]
[EventCountry "TUR"]
[SourceTitle "CBM 167 Extra"]
[Source "ChessBase"]
[SourceDate "2015.09.14"]
[SourceVersion "1"]
[SourceVersionDate "2015.09.14"]
[SourceQuality "1"]
[WhiteTeam "Istanbul Bogazici Univ"]
[BlackTeam "Karaman Saglik"]
[WhiteTeamCountry "TUR"]
[BlackTeamCountry "TUR"]

1. Nf3 Nf6 2. c4 g6 3. Nc3 Bg7 4. e4 d6 5. d4 0-0 6. Be2 e5 7. 0-0 Nc6 8. d5 Ne7 9. b4 Ne8 10. c5 h6 11. Nd2 f5 12. f3 f4 13. Nc4 Rf7 14. a4 g5 15. Ba3 Ng6 16. a5 Bf8 17. a6 b6 18. Nd2 h5 19. Bb5 Nf6 20. Kf2 g4 21. Ke2 Rb8 22. cxd6 cxd6 23. Kd3 Rc7 24. Kc2 Bd7 25. Qe2 Rbc8 26. Bb2 Nh4 27. Rg1 Nxd5 28. exd5 Nf5 29. Bxd7 Nd4+ 30. Kd1 Nxe2 31. Be6+ Kh8 32. Nxe2 Rc2 33. Rc1 Rxc1+ 34. Nxc1 Rc7 35. Nd3 Qe8 36. Nxe5 Bg7 37. Nd3 Qa4+ 38. Ke2 Bxb2 39. Nxb2 Qxa6+ 40. Nd3 Rc3 41. Bf5 Qb5 42. Be4 Rc2 43. Rb1 Qc4 44. b5 Qd4 45. Kd1 Ra2 46. Rc1 Qe3 47. Rc2 Qg1+ 48. Ne1 Ra1+ 0-1

[Event "Skopje Karposh op"]
[Site "Skopje"]
[Date "2015.04.03"]
[Round "9"]
[White "Demircioglu, Emre"]
[Black "Mihov, Filip"]
[Result "1-0"]
[WhiteElo "2219"]
[BlackElo "1705"]
[PlyCount "95"]
[EventDate "2015.03.27"]
[EventType "swiss"]
[EventRounds "9"]
[EventCountry "MKD"]
[SourceTitle "CBM 165 Extra"]
[Source "ChessBase"]
[SourceDate "2015.04.21"]
[SourceVersion "1"]
[SourceVersionDate "2015.04.21"]
[SourceQuality "1"]

1. Nf3 Nf6 2. c4 c5 3. e3 Nc6 4. d4 cxd4 5. exd4 d5 6. Nc3 Bg4 7. cxd5 Nxd5 8. Qb3 Bxf3 9. gxf3 e6 10. Qxb7 Nxd4 11. Bb5+ Nxb5 12. Qc6+ Ke7 13. Qxb5 Nxc3 14. bxc3 Qd5 15. Qxd5 exd5 16. Rb1 Ke6 17. Be3 Bd6 18. 0-0 Be5 19. Rfe1 Kd6 20. Red1 Rhc8 21. Rb5 Bxc3 22. Rbxd5+ Ke6 23. Rd6+ Ke7 24. Rd7+ Ke8 25. Bxa7 Rd8 26. Rxd8+ Rxd8 27. Rxd8+ Kxd8 28. Kf1 Be5 29. h3 Ke7 30. Bb6 Kd6 31. Ke2 Kc6 32. Be3 Kb5 33. Kd3 Kb4 34. Bd4 Bb8 35. Bxg7 Ka3 36. Ke4 Kxa2 37. Be5 Ba7 38. Bd4 Bb8 39. Kf5 Kb3 40. Kf6 Kc4 41. Be3 Kd3 42. Kxf7 Ke2 43. f4 Bxf4 44. Bxf4 Kxf2 45. h4 Kf3 46. Bg5 Kg4 47. Kg7 h6 48. Kxh6 1-0